Statistics for English Premiership Managers 2015-2016

Click here to take the quiz!

General Stats

  • This quiz has been taken 36 times
    (23 since last reset)
  • The average score is 12 of 20

Answer Stats

HintAnswer% Correct
ArsenalArsene Wenger
100%
LiverpoolJürgen Klopp
87%
Leicester CityClaudio Ranieri
80%
BournemouthEddie Howe
80%
ChelseaJose Mourinho
80%
Manchester UnitedLouis van Gaal
80%
EvertonRoberto Martinez
80%
Crystal PalaceAlan Pardew
73%
Manchester CityManuel Pellegrini
67%
Tottenham HotspurMauricio Pochettino
67%
Stoke CityMark Hughes
60%
West Ham UnitedSlaven Bilić
53%
Aston VillaRémi Garde
47%
SouthamptonRonald Koeman
47%
West Bromwich AlbionTony Pulis
47%
Norwich CityAlex Neil
40%
Newcastle UnitedSteve McClaren
40%
SunderlandSam Allardyce
33%
Swansea CityGarry Monk
27%
WatfordQuique Flores
27%

Score Distribution

Percentile by Number Answered

Percent of People with Each Score

Your Score History

You have not taken this quiz since the last reset